أسماء مناطق دولة الكويت - Statistics

الإحصائيات العامة
  • هذا الإختبار تم الخضوع له 92 مره
  • الدرجة المتوسطة هي 52 من 115
إحصائيات الإجابة
Answer % صحيح
حولي
81%
الجهراء
81%
السالمي
79%
ضاحية صباح السالم
75%
السرة
70%
الأحمدي
70%
السالمية
68%
مبارك الكبير
68%
شويخ
67%
الوفرة
67%
بيان
65%
القرين
65%
خيران
65%
كيفان
63%
الفروانية
63%
الجابرية
63%
مدينة الكويت
61%
القادسية
61%
صليبيخات
61%
سلوى
61%
العدان
60%
الفنيطيس
60%
جابر الأحمد
58%
مشرف
58%
السلام
58%
الفنطاس
58%
هدية
58%
الأندلس
56%
خيطان
56%
القصور
56%
شرق
54%
العديلية
54%
العارضية
54%
ضاحية عبدالله المبارك
54%
ابو فطيرة
54%
سعد العبدالله
54%
الفحيحيل
54%
ضاحية جابر العلي
54%
الخالدية
51%
رميثية
51%
الزهراء
51%
الدسمة
49%
ضاحية عبدالله السالم
49%
النزهة
49%
الروضة
49%
ضاحية صباح الناصر
49%
العقيلة
49%
الدعية
47%
الفردوس
47%
حطين
47%
المنقف
47%
الشامية
46%
الري
46%
المسايل
46%
الصليبية
46%
الظهر
46%
المهبولة
46%
الرقة
46%
ضاحية علي صباح السالم
46%
الدوحة
44%
الرقعي
44%
المسيلة
44%
تيماء
44%
العيون
44%
أبو حليفة
44%
الصباحية
44%
جبلة
42%
قرطبة
42%
اشبيلية
42%
المطلاع
42%
المرقاب
40%
اليرموك
40%
القيروان
40%
الصديق
40%
صبحان
40%
ضاحية فهد الأحمد
40%
صباح الأحمد
40%
بنيد القار
39%
المنصورية
39%
الفيحاء
39%
الشعب
39%
دسمان
37%
جليب الشيوخ
37%
ابو الحصاني
37%
كبد
37%
غرناطة
35%
الشهداء
35%
النسيم
35%
الضجيج
33%
الصبية
33%
جليعة
33%
النويصيب
33%
العمرية
32%
الرابية
32%
ضاحية مبارك العبدالله
32%
القصر
32%
النعيم
30%
الصالحية
26%
النهضة
26%
البدع
26%
الواحة
26%
بنيدر
26%
الرحاب
25%
الزور
25%
امغرة
21%
شمال غرب الصليبيخات
19%
الشدادية
19%
الشعيبة
18%
الضباعية
16%
الحساوي
14%
كاظمة
12%
الروضتين
11%
المقوع
9%
القيصرية
7%
No matching quizzes found
توزيع النقاط
نسبة الأشخاص لكل درجة
النسبة وفقا للأرقام
سجل النقاط الخاصة بك
لم تضخع لهذا الإختبار